[Event "It (open)"]
[Site "masterchessopen.com – London (England)"]
[Round "4"]
[White "Large Peter G (ENG)"]
[Black "Ripley J (ENG)"]
[Result "1-0"]
[WhiteElo "2335"]
[BlackElo "2230"]

1.e4 c5 2.Nf3 d6 3.d4 cxd4 4.Nxd4 Nf6 5.Nc3 Nc6 6.Bc4 Qb6 7.Nb3 e6 8.O-O a6
9.a4 Be7 10.a5 Qc7 11.Be2 O-O 12.Kh1 Nd7 13.f4 Nc5 14.Nxc5 dxc5 15.e5 Nxa5
16.Bd3 Rd8 17.Ne4 c4 18.Nf6+ gxf6 19.Bxh7+ Kxh7 20.Qh5+ Kg8 21.Bd2 Rxd2 22.Rf3
Rxg2 23.Rh3 Kf8 24.Qh8+ Rg8 25.Qxg8+ Kxg8 26.Rg1+ Kf8 27.Rh8# 1-0

[Event "It (open)"]
[Site "masterchessopen.com – London (England)"]
[Round "6"]
[White "Povah Nigel E (ENG)"]
[Black "Shapiro Daniel E (USA)"]
[Result "1-0"]
[WhiteElo "2302"]
[BlackElo "2289"]

1.e4 c5 2.Nf3 Nc6 3.d4 cxd4 4.Nxd4 Nf6 5.Nc3 d6 6.Bc4 Qb6 7.Nb3 a6 8.O-O e6
9.a4 Qc7 10.a5 Nxa5 11.Nxa5 b6 12.e5 bxa5 13.exf6 Qxc4 14.fxg7 Bxg7 15.Qxd6
Bb7 16.Bg5 Qb4 17.Qg3 Qxb2 18.Bd2 O-O-O 19.Rab1 Qa3 20.Rxb7 Kxb7 21.Qxg7 Qf8
22.Qg5 f5 23.Rb1+ Ka8 24.Na4 Qd6 25.Nb6+ Ka7 26.Qg7+ {#r} 1-0

[Event "Cup URS (team)"]
[Site "masterchessopen.com – Ordzhonikidze (Russia)"]
[Round "0"]
[White "Dvoirys Semen I (RUS)"]
[Black "Andrianov Nikolai (RUS)"]
[Result "1-0"]
[WhiteElo "2598"]
[BlackElo "2412"]

1.e4 c5 2.Nf3 d6 3.d4 cxd4 4.Nxd4 Nf6 5.Nc3 Nc6 6.Bc4 Qb6 7.Nde2 e6 8.O-O a6
9.Kh1 Be7 10.Ng3 O-O 11.f4 Qc7 12.a4 Bd7 13.f5 Ne5 14.Bb3 Nc4 15.Bxc4 Qxc4
16.Bg5 exf5 17.e5 Nd5 18.Bxe7 Nxe7 19.exd6 Nc8 20.Nxf5 Bxf5 21.Rxf5 Qe6 22.Rd5
Rd8 23.Qd4 Rxd6 24.Rd1 Rxd5 25.Nxd5 Qd6 26.Nc7 {#r} 1-0

[Event "Ch World (for the Blind)"]
[Site "masterchessopen.com – Brugge (Belgium)"]
[Date "1978.09.16"]
[Round "6"]
[White "Tonteri Ari (FIN)"]
[Black "Burdio Gracia Delfin (ESP)"]
[Result "0-1"]
[WhiteElo "1990"]
[BlackElo "2005"]

1.e4 c5 2.Nf3 Nc6 3.d4 cxd4 4.Nxd4 Nf6 5.Nc3 d6 6.Bc4 Qa5 7.f3 g6 8.Be3 Bg7
9.Qd2 Qb4 10.Bb5 Bd7 11.a3 Qa5 12.Nb3 Qc7 13.Bg5 O-O 14.O-O-O Be6 15.Nd5 Bxd5
16.exd5 Ne5 17.Rhe1 a6 18.Bf1 Rac8 19.f4 Nc4 20.Bxc4 Qxc4 21.Rxe7 Qxb3 {#R}
0-1

[Event "It"]
[Site "masterchessopen.com – Leipzig (Germany)"]
[Round "9"]
[White "Brueggemann Joachim (GER)"]
[Black "Tischbierek Raj (GER)"]
[Result "1-0"]
[WhiteElo "2339"]
[BlackElo "2454"]

1.e4 c5 2.Nf3 Nc6 3.d4 cxd4 4.Nxd4 Nf6 5.Nc3 d6 6.Bc4 Qb6 7.Ndb5 a6 8.Be3 Qa5
9.Nd4 Ne5 10.Nb3 Qc7 11.Be2 e6 12.a4 Be7 13.Qd4 Bd7 14.f3 O-O 15.a5 Rac8 16.g4
Bb5 17.Nxb5 Qxc2 18.Na7 Qxb3 19.Nxc8 Rxc8 20.O-O Nc6 21.Qb6 Qxb6 22.axb6 Nd7
23.Rfc1 Nc5 24.e5 Nb4 25.exd6 Bxd6 26.Ra5 {#r} 1-0

[Event "It (open)"]
[Site "masterchessopen.com – Gausdal (Norway)"]
[Round "0"]
[White "Finnlaugsson Gunnar (ISL)"]
[Black "Bjerke Richard (NOR)"]
[Result "0-1"]
[WhiteElo "2072"]
[BlackElo "2135"]

1.e4 c5 2.Nf3 Nc6 3.d4 cxd4 4.Nxd4 Nf6 5.Nc3 d6 6.Bc4 Qb6 7.Nde2 e6 8.O-O Be7
9.Bb3 a6 10.Bg5 Qc7 11.Qd2 b5 12.Ng3 h5 13.f3 Bb7 14.Rad1 Ne5 15.f4 Qc5+
16.Kh1 Neg4 17.f5 h4 18.Nge2 h3 19.Bxf6 hxg2+ 20.Kxg2 Ne3+ {#R} 0-1

[Event "?"]
[Site "masterchessopen.com – Plovdiv (Bulgaria)"]
[Round "0"]
[White "Kupreichik Viktor D (BLR)"]
[Black "Radulov Ivan (BUL)"]
[Result "1-0"]
[WhiteElo "2535"]
[BlackElo "2465"]

1.e4 c5 2.Nf3 Nc6 3.d4 cxd4 4.Nxd4 Nf6 5.Nc3 d6 6.Bc4 Qb6 7.Nb3 e6 8.Bg5 a6
9.O-O Be7 10.Bxf6 gxf6 11.Qh5 Ne5 12.Be2 O-O 13.Kh1 Kh8 14.a4 Bd7 15.a5 Qc7
16.Nd2 Ng6 17.Nc4 Rad8 18.f4 d5 19.exd5 Nxf4 20.Qh6 Nxe2 21.d6 Bxd6 22.Nxd6
Qxd6 23.Ne4 Qc7 24.Rf5 Rg8 25.Nxf6 Rg7 26.Rg5 {#r} 1-0

[Event "It (a)"]
[Site "masterchessopen.com – Wroclaw (Poland)"]
[Round "3"]
[White "Skrobek Ryszard (POL)"]
[Black "Lukin Andrei M (RUS)"]
[Result "0-1"]
[WhiteElo "2350"]
[BlackElo "2407"]

1.e4 c5 2.Nf3 Nc6 3.d4 cxd4 4.Nxd4 d6 5.Nc3 Nf6 6.Bc4 Qb6 7.Nb3 e6 8.O-O Be7
9.a4 a6 10.a5 Qc7 11.Be3 Ne5 12.Bd3 Nc4 13.Bxc4 Qxc4 14.Ra4 Qc6 15.Qe2 O-O
16.Rd1 Re8 17.Bg5 Bd7 18.Rad4 Qc8 19.Bxf6 gxf6 20.R1d3 Kh8 21.Rh3 Rg8 22.Rxh7+
Kxh7 23.Qh5+ Kg7 {#R} 0-1

[Event "Ch Slovakia"]
[Site "masterchessopen.com – Bardejov (Slovakia)"]
[Round "6"]
[White "Salai Ladislav (SVK)"]
[Black "Demeter Peter (SVK)"]
[Result "1-0"]
[WhiteElo "2355"]
[BlackElo "2253"]

1.e4 c5 2.Nf3 d6 3.d4 cxd4 4.Nxd4 Nf6 5.Nc3 Nc6 6.Bc4 Bd7 7.O-O g6 8.Be3 Bg7
9.f3 O-O 10.Qd2 Ne5 11.Bb3 Rc8 12.Rad1 a6 13.Nde2 Qc7 14.g4 Be6 15.Nf4 Nxf3+
16.Rxf3 Bxg4 17.Nfd5 Nxd5 18.Nxd5 Qd8 19.Rdf1 Bxf3 20.Rxf3 e6 21.Bg5 f6
22.Nxf6+ Kh8 23.Nxh7 {#r} 1-0

[Event "Ch Bayern"]
[Site "masterchessopen.com – Bayern (Germany)"]
[Round "0"]
[White "Muench Klaus-Norbert Dr (GER)"]
[Black "Hartmann Wolfram (GER)"]
[Result "0-1"]
[WhiteElo "2122"]
[BlackElo "2244"]

1.e4 c5 2.Nf3 d6 3.d4 cxd4 4.Nxd4 Nf6 5.Nc3 Nc6 6.Bc4 Qb6 7.Nxc6 bxc6 8.O-O g6
9.Qe2 Ng4 10.Be3 Qc7 11.Bg5 d5 {#R} 0-1

[Event "Ch Buenos Aires"]
[Site "masterchessopen.com – Buenos Aires (Argentina)"]
[Round "0"]
[White "Schatzle Mario (ARG)"]
[Black "Franco Ocampos Zenon (PAR)"]
[Result "0-1"]
[WhiteElo "2220"]
[BlackElo "2501"]

1.e4 c5 2.Nf3 Nc6 3.d4 cxd4 4.Nxd4 Nf6 5.Nc3 d6 6.Bc4 Qb6 7.Nb3 e6 8.O-O Be7
9.Be3 Qc7 10.Be2 a6 11.f4 O-O 12.Qe1 b5 13.a3 b4 14.axb4 Nxb4 15.Nb5 axb5
16.Rxa8 Nxc2 17.Qc1 Qb7 18.Ra7 Qxe4 19.Rxe7 Nxe3 20.Bf3 Qd3 21.Rf2 Qxb3 22.Rc7
Nc4 23.Bd1 Qb4 24.b3 Qe1+ 25.Rf1 Qe3+ 26.Qxe3 Nxe3 27.Re1 Ned5 {#R} 0-1

[Event "Olympiad"]
[Site "masterchessopen.com – Lucerne (Switzerland)"]
[Round "5"]
[White "Schepel Kaarlo (HKG)"]
[Black "Ouechtati Mohamed (TUN)"]
[Result "1-0"]
[WhiteElo "2155"]
[BlackElo "2259"]

1.e4 c5 2.Nf3 Nc6 3.d4 cxd4 4.Nxd4 Nf6 5.Nc3 d6 6.Bc4 Qb6 7.Bb5 Bd7 8.Be3 Qc7
9.O-O e6 10.f4 Be7 11.f5 O-O 12.g4 Nxd4 13.Bxd7 Nxc2 14.Qxc2 Nxg4 15.Bd4 Qxd7
16.Qg2 Nf6 17.Rad1 Qc6 18.Rd3 Kh8 19.Rg3 b5 20.fxe6 fxe6 21.Rxg7 Rg8 22.Rxf6
Qc4 23.Rxh7+ Kxh7 24.Rf7+ Kh6 25.Be3+ {#r} 1-0

[Event "It (open)"]
[Site "masterchessopen.com – Lugano (Switzerland)"]
[Round "0"]
[White "Nunn John D M (ENG)"]
[Black "Ivanov Igor V (CAN)"]
[Result "1-0"]
[WhiteElo "2565"]
[BlackElo "2424"]

1.e4 c5 2.Nf3 Nc6 3.d4 cxd4 4.Nxd4 Nf6 5.Nc3 d6 6.Bc4 Qb6 7.Nb3 e6 8.O-O Be7
9.a4 O-O 10.Be2 Rd8 11.a5 Qc7 12.f4 Nb4 13.Be3 e5 14.Ra4 d5 15.Nb5 Qxc2
16.fxe5 Nxe4 17.Qxc2 Nxc2 18.Bxa7 Bd7 19.Rxe4 {#r} 1-0

[Event "It (cat.11)"]
[Site "masterchessopen.com – Minsk (Belarus)"]
[Round "0"]
[White "Chandler Murray G (ENG)"]
[Black "Rivas Pastor Manuel (ESP)"]
[Result "1-0"]
[WhiteElo "2505"]
[BlackElo "2470"]

1.e4 c5 2.Nf3 d6 3.d4 cxd4 4.Nxd4 Nf6 5.Nc3 Nc6 6.Bc4 Qb6 7.Nde2 e6 8.O-O a6
9.Bb3 Be7 10.Bg5 O-O 11.Bxf6 gxf6 12.Kh1 Kh8 13.f4 Qc5 14.f5 b5 15.Nf4 Nd4
16.Qh5 Ra7 17.Rad1 Nxb3 18.cxb3 b4 19.Rd3 Rg8 20.Na4 Qc6 21.Qxf7 exf5 22.Rh3
{#r} 1-0

[Event "Ch Moscow"]
[Site "masterchessopen.com – Moscow (Russia)"]
[Round "0"]
[White "Suetin Alexei S (RUS)"]
[Black "Makarichev Sergey (RUS)"]
[Result "0-1"]
[WhiteElo "2327"]
[BlackElo "2510"]

1.e4 c5 2.Nf3 d6 3.d4 cxd4 4.Nxd4 Nf6 5.Nc3 Nc6 6.Bc4 g6 7.Nxc6 bxc6 8.e5 Ng4
9.Bf4 Bh6 10.Bxh6 Nxh6 11.Qd2 Nf5 12.exd6 Nxd6 13.O-O-O Qc7 14.Qf4 O-O 15.Ne4
Ne8 16.Qxc7 Nxc7 17.Nc5 Re8 18.Rhe1 Kg7 19.Re3 a5 20.Rb3 Bf5 21.Rb6 Rec8
22.Rxc6 Ne8 23.Bd5 e6 24.Bf3 Rxc6 25.Bxc6 Rc8 26.Bxe8 Rxc5 27.b3 {#R} 0-1

[Event "It (open)"]
[Site "masterchessopen.com – Paris (France)"]
[Round "1"]
[White "Prie Eric (FRA)"]
[Black "Mercier Jean-Pierre (FRA)"]
[Result "1-0"]
[WhiteElo "2476"]
[BlackElo "2211"]

1.e4 c5 2.Nf3 Nc6 3.d4 cxd4 4.Nxd4 Nf6 5.Nc3 d6 6.Bc4 g6 7.Nxc6 bxc6 8.e5 Nd7
9.exd6 exd6 10.O-O Ne5 11.Qe2 Be7 12.Bh6 Nxc4 13.Qxc4 Qb6 14.Rfe1 d5 15.Rxe7+
Kxe7 16.Qh4+ Kd7 17.Na4 Qa5 18.Qd4 Re8 19.Nc5+ Kc7 20.Bf4+ Kb6 21.Nb3+ c5
22.Qf6+ Re6 23.Qd8+ {#r} 1-0

[Event "It (open)"]
[Site "masterchessopen.com – Berlin (Germany)"]
[Round "0"]
[White "Schandorff Lars (DEN)"]
[Black "Schussler Harry (SWE)"]
[Result "1-0"]
[WhiteElo "2494"]
[BlackElo "2445"]

1.e4 c5 2.Nf3 d6 3.d4 cxd4 4.Nxd4 Nf6 5.Nc3 Nc6 6.Bc4 Qb6 7.Nb3 e6 8.O-O a6
9.Bg5 Bd7 10.Kh1 Qc7 11.f4 Be7 12.Be2 b5 13.a3 O-O 14.Bf3 Rac8 15.Qe1 b4
16.axb4 Nxb4 17.Qg3 e5 18.Be2 exf4 19.Rxf4 Kh8 20.Raf1 Be6 21.Nd4 Rce8 22.Qh4
Ng8 23.Bxe7 Rxe7 24.e5 Nc6 25.exd6 Qxd6 26.Ne4 {#r} 1-0

[Event "Bundesliga"]
[Site "masterchessopen.com – Germany"]
[Round "0"]
[White "Kindermann Stefan (AUT)"]
[Black "Robatsch Karl (AUT)"]
[Result "1-0"]
[WhiteElo "2519"]
[BlackElo "2430"]

1.e4 c5 2.Nf3 d6 3.d4 cxd4 4.Nxd4 Nf6 5.Nc3 Nc6 6.Bc4 Bd7 7.O-O a6 8.Bb3 g6
9.Nxc6 Bxc6 10.Nd5 Bg7 11.Bg5 e6 12.Nxf6+ Bxf6 13.Bxf6 Qxf6 14.Qxd6 Rd8 15.Qc5
Bxe4 16.Ba4+ b5 17.Bxb5+ axb5 18.Qxb5+ Kf8 19.Qb4+ Kg8 20.Qxe4 Qxb2 21.a4 Rd2
22.a5 Qd4 23.Qxd4 Rxd4 24.Rfb1 {#r} 1-0

[Event "Bundesliga 1983/84"]
[Site "masterchessopen.com – Germany"]
[Round "0"]
[White "Krieger Hermann (GER)"]
[Black "Roese Oliver (GER)"]
[Result "1-0"]
[WhiteElo "2200"]
[BlackElo "2332"]

1.e4 c5 2.Nf3 Nc6 3.d4 cxd4 4.Nxd4 Nf6 5.Nc3 d6 6.Bc4 Qb6 7.Nb3 e6 8.O-O Be7
9.Be3 Qc7 10.f4 a6 11.a4 d5 12.exd5 Nb4 13.Bd3 Nbxd5 14.Nxd5 Nxd5 15.Bd4 Bf6
16.Bxf6 Nxf6 17.Qe2 O-O 18.Nd4 Qc5 19.c3 Bd7 20.Rf3 Qh5 21.Qc2 e5 22.fxe5 Qxe5
23.Raf1 Rad8 24.Kh1 Bc8 25.Qf2 Ng4 26.Qh4 f5 27.Bc4+ {#r} 1-0

[Event "Ch Mittelfranken"]
[Site "masterchessopen.com – Bayern (Germany)"]
[Round "0"]
[White "Weigel Herbert (GER)"]
[Black "Steiner Bruno (AUT)"]
[Result "1-0"]
[WhiteElo "2118"]
[BlackElo "2166"]

1.e4 c5 2.Nf3 Nc6 3.d4 cxd4 4.Nxd4 Nf6 5.Nc3 d6 6.Bc4 g6 7.Nxc6 bxc6 8.e5 Ng4
9.e6 f5 10.O-O d5 11.Nxd5 Bxe6 12.Nf6+ Nxf6 13.Bxe6 Qxd1 14.Rxd1 Bg7 15.Be3
Nd5 16.Bd4 Bxd4 17.Rxd4 Nf6 18.Rc4 Nd5 19.Rxc6 Nf4 20.Bc4 Rf8 21.Re1 Kd7
22.Bb5 Rab8 23.Ba4 Kd8 24.Rd1+ {#r} 1-0

[Event "Ch CAVB (1/2 final)"]
[Site "masterchessopen.com – Buenos Aires (Argentina)"]
[Round "6"]
[White "Pla Silvio (ARG)"]
[Black "Garbarino Rodolfo (ARG)"]
[Result "1-0"]
[WhiteElo "2188"]
[BlackElo "2339"]

1.e4 c5 2.Nf3 d6 3.d4 cxd4 4.Nxd4 Nf6 5.Nc3 Nc6 6.Bc4 Bd7 7.Be3 Ng4 8.Nxc6
bxc6 9.Bg5 Qa5 10.Qd2 h6 11.Bh4 Ne5 12.Bb3 Ng6 13.Bg3 e5 14.O-O-O Be7 15.Kb1
Qb4 16.f3 a5 17.a3 Qb7 18.h4 h5 19.Bf2 O-O 20.Na4 Be6 21.Bxe6 fxe6 22.Qc3 Rfb8
23.b3 {#r} 1-0

[Event "Ch Czechoslovakia"]
[Site "masterchessopen.com – Karvina (Czech Republic)"]
[Round "7"]
[White "Zlatohlavek Lubos (CZE)"]
[Black "Vanko Jiri (CZE)"]
[Result "1-0"]
[WhiteElo "2090"]
[BlackElo "2003"]

1.e4 c5 2.Nf3 Nc6 3.d4 cxd4 4.Nxd4 Nf6 5.Nc3 d6 6.Bc4 Qb6 7.Nb3 e6 8.O-O a6
9.a4 Qc7 10.a5 Be7 11.f4 O-O 12.Be3 Nd7 13.Rf3 b5 14.axb6 Nxb6 15.Bd3 g6
16.Rg3 Nb4 17.Qh5 Bf6 18.Qa5 {#r} 1-0

[Event "Ch World (team) (under 26)"]
[Site "masterchessopen.com – Mendoza (Argentina)"]
[Round "0"]
[White "Kindermann Stefan (AUT)"]
[Black "Zueger Beat (SUI)"]
[Result "1-0"]
[WhiteElo "2519"]
[BlackElo "2435"]

1.e4 c5 2.Nf3 d6 3.d4 cxd4 4.Nxd4 Nf6 5.Nc3 Nc6 6.Bc4 Qb6 7.Ndb5 a6 8.Be3 Qa5
9.Nd4 Nxe4 10.Qf3 f5 11.Nxc6 bxc6 12.O-O-O d5 13.Nxe4 fxe4 14.Qh5+ g6 15.Qe5
Rg8 16.Rxd5 cxd5 17.Bxd5 Qb5 18.Qxe4 Bf5 19.Bc6+ Kf7 20.Qd5+ Qxd5 21.Bxd5+ e6
22.Bxa8 Bg7 23.Bf3 Rb8 24.b3 Rc8 25.c4 {#r} 1-0

[Event "Ch World (team) (under 26)"]
[Site "masterchessopen.com – Mendoza (Argentina)"]
[Round "1"]
[White "Zukerfeld Andres (ARG)"]
[Black "Zueger Beat (SUI)"]
[Result "0-1"]
[WhiteElo "2219"]
[BlackElo "2435"]

1.e4 c5 2.Nf3 Nc6 3.d4 cxd4 4.Nxd4 Nf6 5.Nc3 d6 6.Bc4 e5 7.Nde2 Be6 8.Bb3 Be7
9.Bg5 Ng4 10.Bxe7 Qxe7 11.Ng3 Nf6 12.Nd5 Bxd5 13.Nf5 Qf8 14.exd5 Nb8 15.Ba4+
Nbd7 16.Qf3 g6 17.Nd4 Qe7 18.Nc6 e4 19.Qc3 bxc6 20.dxc6 Nb6 21.c7+ Kf8 {#R}
0-1

[Event "It (cat.7)"]
[Site "masterchessopen.com – Zenica (Bosnia & Herzegovina)"]
[Round "0"]
[White "Kobas Adnan (BIH)"]
[Black "Kupreichik Viktor D (BLR)"]
[Result "0-1"]
[WhiteElo "2320"]
[BlackElo "2490"]

1.e4 c5 2.Nf3 Nc6 3.d4 cxd4 4.Nxd4 d6 5.Nc3 Nf6 6.Bc4 Bd7 7.Bb3 g6 8.f3 Nxd4
9.Qxd4 Bg7 10.Bg5 O-O 11.O-O-O b5 12.Rhe1 a5 13.e5 dxe5 14.Qxe5 a4 15.Bd5 b4
16.Ne4 Nxd5 17.Qxd5 b3 18.c3 bxa2 19.Qxa2 a3 20.b4 Qc8 21.Qd2 Bf5 22.Nc5 a2
{#R} 0-1

[Event "Ch World (juniors) (under 20)"]
[Site "masterchessopen.com – Gausdal (Norway)"]
[Round "2"]
[White "Fossan Petter (NOR)"]
[Black "Litvinchuk John (USA)"]
[Result "0-1"]
[WhiteElo "2258"]
[BlackElo "2300"]

1.e4 c5 2.Nf3 Nc6 3.d4 cxd4 4.Nxd4 Nf6 5.Nc3 d6 6.Bc4 Qb6 7.Nb3 e6 8.Be3 Qc7
9.f4 a6 10.a4 Nb4 11.Bd3 e5 12.O-O Be6 13.Kh1 Be7 14.f5 Bc4 15.Bg5 O-O-O
16.Bxf6 Bxf6 17.Bxc4 Qxc4 18.a5 d5 19.Ra4 dxe4 20.Qc1 Be7 21.Nd2 Rxd2 22.Re1
Rhd8 23.Nxe4 Rxc2 24.Qe3 Qc6 25.Raa1 Nd3 {#R} 0-1

[Event "?"]
[Site "masterchessopen.com – Kecskemet (Hungary)"]
[Round "0"]
[White "Barczay Laszlo (HUN)"]
[Black "Perenyi Bela (HUN)"]
[Result "1-0"]
[WhiteElo "2381"]
[BlackElo "2255"]

1.Nf3 c5 2.e4 d6 3.Bc4 Nc6 4.d4 cxd4 5.Nxd4 Nf6 6.Nc3 g6 7.Nxc6 bxc6 8.e5 d5
9.exf6 dxc4 10.Qxd8+ Kxd8 11.Bg5 e5 12.O-O-O+ Kc7 13.Rhe1 Bf5 14.Rxe5 Bd6
15.Rxd6 Kxd6 16.Bf4 Kd7 17.Re7+ Kd8 18.Rxf7 Re8 19.Bc7+ Kc8 20.Bd6 Be6 21.Rxh7
{#r} 1-0

[Event "Ch Ukraine (1/2 final)"]
[Site "masterchessopen.com – Ukraine"]
[Round "0"]
[White "Gurevich Vladimir (UKR)"]
[Black "Shmuter Leonid (UKR)"]
[Result "1-0"]
[WhiteElo "2474"]
[BlackElo "2452"]

1.e4 c5 2.Nf3 Nc6 3.d4 cxd4 4.Nxd4 Nf6 5.Nc3 d6 6.Bc4 Qb6 7.Nb3 e6 8.O-O Be7
9.Bg5 a6 10.a4 Qc7 11.Bd3 b6 12.f4 Bb7 13.f5 O-O 14.Qf3 Nb4 15.Qh3 e5 16.Rae1
Rfe8 17.Nd2 Rad8 18.Re3 d5 19.Rg3 Kh8 20.Qh4 Nxe4 21.Ndxe4 dxe4 22.Rh3 h6
23.f6 Bf8 24.fxg7+ Bxg7 25.Bf6 {#r} 1-0

[Event "Ch Malaga"]
[Site "masterchessopen.com – Malaga (Spain)"]
[Date "1986.05.17"]
[Round "10"]
[White "Rodriguez Marquez Andres"]
[Black "Munoz Moreno Francisco J (ESP)"]
[Result "0-1"]
[WhiteElo "2205"]
[BlackElo "2306"]

1.e4 c5 2.Nf3 d6 3.d4 cxd4 4.Nxd4 Nf6 5.Nc3 Nc6 6.Bc4 Qb6 7.Ndb5 a6 8.Be3 Qa5
9.Nd4 e6 10.Bb3 Nxe4 11.Qf3 d5 12.O-O Nxc3 13.bxc3 Qxc3 14.Rad1 Be7 15.Rd3 Qa5
16.Qh5 Bf6 17.Nf3 O-O 18.Rfd1 g6 19.Qh6 Bg7 20.Qh4 Qb4 21.g4 e5 {#R} 0-1

[Event "Ch Europe (juniors)"]
[Site "masterchessopen.com – Arnhem (Netherlands)"]
[Round "10"]
[White "Langner Ladislav (CZE)"]
[Black "Damaso Rui (POR)"]
[Result "1-0"]
[WhiteElo "2350"]
[BlackElo "2366"]

1.e4 c5 2.Nf3 d6 3.d4 cxd4 4.Nxd4 Nf6 5.Nc3 Nc6 6.Bc4 Bd7 7.O-O g6 8.Bg5 Bg7
9.Nxc6 Bxc6 10.Nd5 e6 11.Nxf6+ Bxf6 12.Bxf6 Qxf6 13.Qxd6 Qxb2 14.Rab1 {#r} 1-0

[Event "Europe Tournament (corr.)"]
[Site "masterchessopen.com – corr."]
[Round "0"]
[White "Janos Jozef (SVK)"]
[Black "Wittmann Walter (AUT)"]
[Result "1-0"]
[WhiteElo "2145"]
[BlackElo "2300"]

1.e4 c5 2.Nf3 Nc6 3.d4 cxd4 4.Nxd4 Nf6 5.Nc3 d6 6.Bc4 Qb6 7.Nb3 e6 8.O-O Be7
9.Be3 Qc7 10.f4 a6 11.a4 d5 12.exd5 Nb4 13.Bd3 Nbxd5 14.Nxd5 Nxd5 15.Bd4 Bf6
16.Bxf6 Nxf6 17.a5 O-O 18.Qe1 Bd7 19.Qe5 Rac8 20.Qxc7 Rfd8 21.Qb6 {#r} 1-0

[Event "corr."]
[Site "masterchessopen.com – DDR"]
[Round "0"]
[White "Richter Maik (GER)"]
[Black "Jaeschke Benno (GER)"]
[Result "1-0"]
[WhiteElo "2186"]
[BlackElo "2224"]

1.e4 c5 2.Nf3 Nc6 3.d4 cxd4 4.Nxd4 Nf6 5.Nc3 d6 6.Bc4 g6 7.Bb3 Bg7 8.Nxc6 bxc6
9.Bg5 Qa5 10.Qd2 h6 11.Bf4 g5 12.Be3 Ng4 13.Bd4 Bxd4 14.Qxd4 Qe5 15.Qc4 O-O
16.h3 Nf6 17.Qxc6 Bd7 18.Qc4 Rac8 19.Qd3 Bc6 20.O-O-O Nxe4 21.Rhe1 Qf4+ 22.Kb1
Nxf2 23.Qg6+ Kh8 24.Qxh6+ Kg8 25.Rd5 Bxd5 26.Nxd5 {#r} 1-0

[Event "Ch USA (juniors) (under 20)"]
[Site "masterchessopen.com – Washington (USA)"]
[Round "0"]
[White "Wolff Patrick G (USA)"]
[Black "Burnett Ronald (USA)"]
[Result "1-0"]
[WhiteElo "2370"]
[BlackElo "2358"]

1.e4 c5 2.Nf3 Nc6 3.d4 cxd4 4.Nxd4 Nf6 5.Nc3 d6 6.Bc4 Bd7 7.Be3 Ng4 8.Nxc6
bxc6 9.Bg5 Qb6 10.Qd2 Qxb2 11.Rb1 Qa3 12.h3 Ne5 13.Bb3 Qc5 14.Na4 Qa3 15.Qc3
Rb8 16.O-O Kd8 17.Qa5+ Ke8 18.Bc1 Rb5 19.Qxa7 Qb4 20.Bxf7+ Kxf7 21.Rxb4 Rxb4
22.f4 Ng6 23.Bd2 Rc4 24.Qxd7 Rxa4 25.Qxc6 Ra7 26.Qc4+ Ke8 27.Rb1 {#r} 1-0

[Event "It (open)"]
[Site "masterchessopen.com – Wuerzburg (Germany)"]
[Round "0"]
[White "Rigo Janos (HUN)"]
[Black "Schlichtmann Gisbert (GER)"]
[Result "1-0"]
[WhiteElo "2319"]
[BlackElo "2204"]

1.e4 c5 2.Nf3 d6 3.d4 cxd4 4.Nxd4 Nf6 5.Nc3 Nc6 6.Bc4 Bd7 7.Bb3 g6 8.f3 Nxd4
9.Qxd4 Bg7 10.Bg5 O-O 11.O-O-O b5 12.e5 dxe5 13.Qxe5 a5 14.Nd5 Nxd5 15.Qxd5 a4
16.Qxd7 Qxd7 17.Bxf7+ Rxf7 18.Rxd7 b4 19.Rhd1 Rf5 20.Bxe7 b3 21.axb3 axb3
22.cxb3 Ra1+ 23.Kc2 Ra2 24.Ba3 {#r} 1-0

[Event "Ch Norway"]
[Site "masterchessopen.com – Asker (Norway)"]
[Round "6"]
[White "Bjerke Richard (NOR)"]
[Black "Groenn Atle (NOR)"]
[Result "1-0"]
[WhiteElo "2135"]
[BlackElo "2378"]

1.e4 c5 2.Nf3 Nc6 3.d4 cxd4 4.Nxd4 Nf6 5.Nc3 d6 6.Bc4 Qb6 7.Nb3 e6 8.Be3 Qc7
9.f4 Be7 10.O-O O-O 11.Bd3 a6 12.Kh1 b5 13.Qf3 b4 14.Ne2 Bb7 15.Ng3 Rfd8 16.h3
e5 17.Nf5 Bf8 18.Nd2 d5 19.fxe5 Qxe5 20.exd5 Nxd5 21.Nh6+ {#r} 1-0

[Event "Tournament"]
[Site "masterchessopen.com – Athens (Greece)"]
[Round "0"]
[White "Moutousis Konstantinos (GRE)"]
[Black "Skoularikis Fotios (GRE)"]
[Result "1-0"]
[WhiteElo "2428"]
[BlackElo "2223"]

1.e4 c5 2.Nf3 d6 3.d4 cxd4 4.Nxd4 Nf6 5.Nc3 Nc6 6.Bc4 a6 7.Nxc6 bxc6 8.e5 Nd7
9.e6 fxe6 10.Bxe6 Nc5 11.Bxc8 Rxc8 12.O-O g6 13.Be3 Nd7 14.Ne4 Qa5 15.Re1 Kd8
16.Bd2 Qd5 17.c4 Qxc4 18.Ba5+ Ke8 19.Nxd6# 1-0

[Event "Olympiad"]
[Site "masterchessopen.com – Salonika (Greece)"]
[Round "0"]
[White "Murillo Alexis (CRC)"]
[Black "Popovic Petar (SRB)"]
[Result "0-1"]
[WhiteElo "2301"]
[BlackElo "2570"]

1.e4 c5 2.Nf3 d6 3.d4 cxd4 4.Nxd4 Nf6 5.Nc3 Nc6 6.Bc4 Qb6 7.Ndb5 a6 8.Be3 Qa5
9.Nd4 e6 10.O-O Be7 11.Qe2 O-O 12.f4 Bd7 13.Nb3 Qc7 14.a4 Nb4 15.Bd3 e5 16.h3
Be6 17.Rac1 Nxd3 18.Qxd3 {#R} 0-1

[Event "Ch Europe (juniors)"]
[Site "masterchessopen.com – Arnhem (Netherlands)"]
[Round "11"]
[White "Kontic Vladimir"]
[Black "Meessen Rudolf (BEL)"]
[Result "1-0"]
[WhiteElo "2385"]
[BlackElo "2278"]

1.e4 c5 2.Nf3 d6 3.d4 cxd4 4.Nxd4 Nf6 5.Nc3 Nc6 6.Bc4 Bd7 7.O-O g6 8.Nxc6 Bxc6
9.Bg5 Bg7 10.Re1 O-O 11.Qd2 Qa5 12.Bb3 Rfe8 13.Rad1 Rac8 14.Qf4 Qc7 15.Rd3 Qd7
16.Qh4 h5 17.h3 Bb5 18.e5 Qc7 19.Nxb5 Qc5 20.Bxf6 Qxb5 21.Bxg7 Kxg7 22.Qf4 Qa5
23.Qxf7+ Kh8 24.Re4 Qc5 25.Qxg6 Rf8 26.Qh6# 1-0

[Event "Ch France (qual)"]
[Site "masterchessopen.com – France"]
[Round "0"]
[White "Guyot Philippe (FRA)"]
[Black "Harovelo Ingmar (FRA)"]
[Result "1-0"]
[WhiteElo "2235"]
[BlackElo "2251"]

1.e4 c5 2.Nf3 d6 3.d4 cxd4 4.Nxd4 Nf6 5.Nc3 Nc6 6.Bc4 Qb6 7.Ndb5 a6 8.Be3 Qa5
9.Nd4 e6 10.O-O Be7 11.Kh1 O-O 12.f4 Qc7 13.Nf3 b5 14.Bd3 Bd7 15.e5 Ne8 16.Qe2
b4 17.Ne4 dxe5 18.fxe5 Nxe5 19.Bf4 f6 20.Bxe5 fxe5 21.Nfg5 Bxg5 22.Rxf8+ Kxf8
23.Nxg5 h6 24.Qf3+ Ke7 25.Qxa8 Bc6 26.Qxa6 hxg5 27.Qc4 {#r} 1-0